| 000 | 00663cam a22002413a 4500 | ||
|---|---|---|---|
| 001 | 19531 | ||
| 003 | PGUSA | ||
| 005 | 20140828083420.0 | ||
| 008 | 061013s2006||||xxu|||||s|||||000 p eng d | ||
| 040 |
_aPGUSA _beng |
||
| 042 | _adc | ||
| 050 | 4 | _aPZ | |
| 245 | 1 | 0 |
_aPunky Dunk and the Mouse _h[electronic resource] / _cAnonymous |
| 260 |
_bProject Gutenberg, _c2006 |
||
| 506 | _aPublic domain in the USA. | ||
| 516 | _aElectronic text | ||
| 653 | _aChildren's poetry | ||
| 653 | _aMice -- Juvenile poetry | ||
| 653 | _aKittens -- Juvenile poetry | ||
| 830 | 0 |
_aProject Gutenberg _v19531 |
|
| 856 | 4 | 0 | _uhttp://www.gutenberg.org/ebooks/19531 |
| 942 | _cEB | ||
| 999 |
_c248786 _d248786 |
||